01401nam a2200241Ia 4500001000600000003000900006008004100015040001300056040001300069041001300082100001700095100002900112245006400141245007200205250001100277260001100288260001300299260004900312300005900361500067400420650003401094650003101128H4643IT-RoPAU130308s9999 xx 000 0 und d aIT-RoPAU cIT-RoPAU aITALIANO aCerina Paolo gCodice Aut. SPICS: 57720 aProblema della legge applicabile e della giurisdizione (Il) bProblemi giuridici di internet (I) - Dall'E-Commerce All'E-Business a3a ed. aMILANO bGiuffre' c2003 [1° Ed.:2003 - Ed.Ling.Originale:2003] a"96 p. (prefazione: no ; testo: 96 [pagine: 643-739])" aFonti. Diritti e Internet. Problema giurisdizione e legge Applicabile. norme italiane giurisdizione e Loro Applicazione a Internet. giurisdizione in materia contratti con consumatori e Recente riforma Convenzione di Bruxelles. Illeciti Civili in Generale. profili giurisdizione per contraffazione Dimarchio. Illeciti Penali. giurisprudenza Statunitense e cenni Sulla giurisdizione in Tema di Pubblicità Online. Problema della legge Applicabile e Recente Direttiva Sul commercio Elettronico. Prassi delle imprese e Locazione Offerta di prodotti finanziari Tramite Internet. sito web Come Succursaleo Filiale Nei vari territori in Cui Esso è Accessibile. Conclusioni. aDIRITTO NELLA MULTIMEDIALITA' eCodice materia Spics: 4621